Пропуск в контексте

Инновационная экономика методические указания для самостоятельной работы студентов

Изложена логическая структура всего комплекса теоретических и практических положений курса «Инновационная экономика», которая поможет обучающимся развить свое экономическое мышление. Имеют интерактивное оглавление в виде закладок. Рекомендованы для обучающихся всех форм и уровней обучения, изучающих...

Полное описание

Сохранить в:
Библиографические подробности
Формат: Книга
Язык:Russian
Опубликовано: Омск СибАДИ 2022
Online-ссылка:https://e.lanbook.com/book/221483
https://e.lanbook.com/img/cover/book/221483.jpg
Метки: Добавить метку
Нет меток, Требуется 1-ая метка записи!
LEADER 01672nam0a2200241 i 4500
001 221483
003 RuSpLAN
005 20221220174152.0
008 221220s2022 ru gs 000 0 rus
040 |a RuSpLAN 
041 0 |a rus 
044 |a ru 
080 |a 001.895:330 
084 |a 72.4:65  |2 rubbk 
245 0 0 |a Инновационная экономика  |b методические указания для самостоятельной работы студентов 
260 |a Омск  |b СибАДИ  |c 2022 
300 |a 19 с. 
504 |a Библиогр.: доступна в карточке книги, на сайте ЭБС Лань 
520 8 |a Изложена логическая структура всего комплекса теоретических и практических положений курса «Инновационная экономика», которая поможет обучающимся развить свое экономическое мышление. Имеют интерактивное оглавление в виде закладок. Рекомендованы для обучающихся всех форм и уровней обучения, изучающих курс «Инновационная экономика». Подготовлено на кафедре «Экономика и управление предприятиями». 
521 8 |a Книга из коллекции СибАДИ - Экономика и менеджмент 
856 4 |u https://e.lanbook.com/book/221483 
856 4 8 |u https://e.lanbook.com/img/cover/book/221483.jpg 
953 |a https://e.lanbook.com/img/cover/book/221483.jpg